00974nam a2200241 a 450000100100000000500170001000800410002704000250006808200200009310000340011324000320014724500830017926000470026230000280030950000320033765000270036965000310039691000370042704900090046495201180047395201240059199900170071500001294120240530073915.0091118s1977 dr a 000 f spa d aDO-SdBNPbspacBNPHU aRD863.44bR666r1 aRobiou, José Ramón92984510aI tell you laterlespañol13aEl revolucionario :bte lo dire de después, novela /cJosé Ramón Robiou. aSanto Domingo :bTribuna Hispanica,c1977. a246 p. :bil. ;c20 cm. aTitulo original en inglés 0aNovela dominicana9223 0aLiteratura dominicana.967 aValidado. Control de calidad MFF aBNPD 0010718PDaPDbPDcHDd2009-11-18iLF1l0oRD863.44 R666rp12941-10r2020-06-25w2020-06-25yLFPDZNo se presta 0010718PDaPDbPDcCTd2010-09-06iLF1l0oRD863.44 R666rp12941-40r2020-06-25te. 2w2020-06-25yLFPDZNo se presta c12589d12589